000 00524cam a22002171 4500
001 sa 65006991
003 DLC
005 20260227112146.0
008 890113s1965 ii 000 1 maro
010 _asa 65006991
035 _a(OCoLC)23556454
040 _aDLC
_cMiU
_dDLC
042 _apremarc
050 0 0 _aHV6278
_b.B3
100 1 _aBarve, Rā. Kā.,
_d1927-
245 1 0 _aRājakīya hatyā.
260 _c[1965]
300 _a111 p.
_billus., ports.
_c19 cm.
500 _aRomanized.
650 0 _aAssassination
999 _c64980
_d64980